000 00281nam a22001217a 4500
003 OSt
008 250103b |||||||| |||| 00| 0 eng d
041 _aeng
082 _a627.2
_bSRI/HA
100 _aSrinivasan, R
_95576
245 _aHarbour dock and tunnel engineering
942 _cBK
999 _c18887
_d18887